<?xml version="1.0" encoding="UTF-8"?>
<marc:record xmlns:marc="http://www.loc.gov/MARC21/slim">
   <marc:leader>00000nam a2200000 a 4500</marc:leader>
   <marc:datafield ind1="1" ind2=" " tag="100">
      <marc:subfield code="a">Ümit, Ahmet</marc:subfield>
      <marc:subfield code="4">aut</marc:subfield>
      <marc:subfield code="e">Verfasser/-in</marc:subfield>
   </marc:datafield>
   <marc:datafield ind1=" " ind2=" " tag="653">
      <marc:subfield code="a">Türkisch / Bilderbuch</marc:subfield>
   </marc:datafield>
   <marc:datafield ind1=" " ind2=" " tag="653">
      <marc:subfield code="a">Roman</marc:subfield>
   </marc:datafield>
   <marc:datafield ind1="0" ind2="0" tag="245">
      <marc:subfield code="a">Bab-&amp;#305; Esrar</marc:subfield>
   </marc:datafield>
   <marc:datafield ind1="0" ind2="0" tag="245">
      <marc:subfield code="c">Ümit, Ahmet</marc:subfield>
   </marc:datafield>
   <marc:datafield ind1=" " ind2="1" tag="264">
      <marc:subfield code="c">2013</marc:subfield>
   </marc:datafield>
   <marc:datafield ind1="1" ind2=" " tag="520">
      <marc:subfield code="a">Kay&amp;#305;p babas&amp;#305;yla do&amp;#287;acak çocu&amp;#287;u aras&amp;#305;nda kalm&amp;#305;&amp;#351; bir kad&amp;#305;n... Hayat&amp;#305;n anlam&amp;#305;n&amp;#305; arayan bir insan: Karen Kimya... Kap&amp;#305;lar&amp;#305; s&amp;#305;rlara aç&amp;#305;lan bir kent... S&amp;#305;rlar&amp;#305;n mucizelere dönü&amp;#351;tü&amp;#287;ü geceler. Mucizelerin hakikat say&amp;#305;ld&amp;#305;&amp;#287;&amp;#305; zamanlar... Yedi yüz y&amp;#305;l öncesinden gelen bir f&amp;#305;s&amp;#305;lt&amp;#305;... A&amp;#351;k&amp;#305; sadece a&amp;#351;kla tartanlar&amp;#305;n &amp;#305;t&amp;#305;rl&amp;#305; solu&amp;#287;u... Ölümün yok edemedi&amp;#287;i bir sevda... Y&amp;#305;llara direnen bir sevgi; &amp;#350;ems-i Tebrizi ve Mevlâna Celaleddin-i Rumi... Günümüzden yedi yüz küsur y&amp;#305;l öncesine uzanan gerilim dolu, heyecan yüklü, mistik bir serüven... &#x93;Ta&amp;#351;ta kan vard&amp;#305;, gökyüzünde dolunay, bahçede toprak kokusu. Ürkütücü bir serinlik içinde yüzüyordu a&amp;#287;açlar. K&amp;#305;&amp;#351; güllerinin katmerlenme vaktiydi, nergislerin tazelenme demi. Yedi ki&amp;#351;i girmi&amp;#351;ti bahçeye... Yedi öfkeli yürek, nefretin ele geçirdi&amp;#287;i yedi ak&amp;#305;l, yedi keskin b&amp;#305;çak. Yedi lanetli adam bahçenin sessizli&amp;#287;ini yedi parçaya bölerek yürüdü kurbanlar&amp;#305;n&amp;#305;n bulundu&amp;#287;u tahta kap&amp;#305;ya... Ta&amp;#351;ta kan vard&amp;#305;. Bahçede ürkütücü bir serinlik. Cinayetin tek tan&amp;#305;&amp;#287;&amp;#305; dolunayd&amp;#305;. Hiç &amp;#351;a&amp;#351;&amp;#305;rmadan, ürpermeden, korkmadan bak&amp;#305;yordu uzun boylu kavak a&amp;#287;açlar&amp;#305;n&amp;#305;n ölü yapraklar&amp;#305;n&amp;#305;n aras&amp;#305;ndan. Yedi ki&amp;#351;iden en genç olan&amp;#305; vurmu&amp;#351;tu kap&amp;#305;ya. En ya&amp;#351;l&amp;#305; olan&amp;#305; ça&amp;#287;&amp;#305;rm&amp;#305;&amp;#351;t&amp;#305; içeridekini. Yedi ki&amp;#351;inin yedisi birden saplam&amp;#305;&amp;#351;t&amp;#305; b&amp;#305;çaklar&amp;#305;n&amp;#305; içeriden ç&amp;#305;kana. Ta&amp;#351;ta kan vard&amp;#305;. &amp;#304;nsanlar&amp;#305;n yüreklerinde nefret, dolunayda derin bir sükûnet&#x85;</marc:subfield>
   </marc:datafield>
   <marc:datafield ind1=" " ind2=" " tag="020">
      <marc:subfield code="a">9786051411231</marc:subfield>
      <marc:subfield code="9">9786051411231</marc:subfield>
   </marc:datafield>
   <marc:datafield ind1=" " ind2=" " tag="020">
      <marc:subfield code="a">6051411232</marc:subfield>
      <marc:subfield code="9">6051411232</marc:subfield>
   </marc:datafield>
   <marc:datafield ind1=" " ind2=" " tag="338">
      <marc:subfield code="a">Band</marc:subfield>
   </marc:datafield>
   <marc:datafield ind1=" " ind2=" " tag="300">
      <marc:subfield code="a">646 S.</marc:subfield>
   </marc:datafield>
</marc:record>
